Symfonie bratrských hlasů poezie Otokara Březiny v cizích jazycích

Bibliographic Details
Main Author: Březina, Otokar, 1868-1929 (Author)
Other Authors: Babler, Otto František, 1901-1984 (Compiler)
Format: Book
Language:Czech
Bulgarian
English
Finnish
French
German
Hungarian
Italian
Latin
Polish
Romanian, Moldovan
Russian
Slovenian
Serbian
Swedish
PhysicalDescription:95, [1] s. 21 cm
Published: VBrně Blok 1970
Subjects:

MARC

LEADER 00000nam a2200000 a 4500
001 vtls001171316
003 SK-MaSNL
005 20260301143430.0
008 240315s1970 xr e 0 00p cze
035 |a SNK000114297 
040 |a SNK  |b slo  |c SNK  |e AACR2 
041 1 |a cze  |a bul  |a eng  |a fin  |a fre  |a ger  |a hun  |a ita  |a lat  |a pol  |a rum  |a rus  |a slv  |a srp  |a swe  |h cze 
044 |a xr  |c CZ 
072 7 |a 821.162.3  |x Česká literatúra  |2 konspekt 
080 |a 821.162.3-1  |2 2011 
100 1 |a Březina, Otokar,  |d 1868-1929  |4 aut  |9 187532 
245 1 |a Symfonie bratrských hlasů  |b poezie Otokara Březiny v cizích jazycích  |c Otokar Březina ; [uspoř. O.F. Babler] 
246 3 0 |a Poezie Otokara Březiny v cizích jazycích 
260 |a VBrně  |b Blok  |c 1970 
300 |a 95, [1] s.  |c 21 cm 
500 |a Vyšlo ako príloha zborníku Stavba ve výši 
500 |a Preložené z češtiny 
546 1 |a Text v češtine, bulharčine, angličtine, fínčine, francúzštine, nemčine, maďarčine, taliančine, latinčine, poľštine, rumunčine, ruštine, slovinčine, srbčine a švédčine 
655 7 |a česká poézia  |2 SNKPH  |9 70569 
655 7 |a Czech poetry  |2 SNKPHeng  |9 265012 
700 1 2 |a Babler, Otto František,  |d 1901-1984  |t Stavba ve výši  |9 500386 
700 1 |a Soukup, Ivan  |4 bkd  |9 407404 
700 1 |a Babler, Otto František,  |d 1901-1984  |4 com  |9 226569 
752 |a Česko  |d Brno 
958 |a OND 
958 |a LX 
958 |a UP 
968 |d [Z čes. orig. do růz. cizích jazyků přel. kol.] 
999 |c 773623  |d 775553 
952 |t P60, <04>, [BOOK], {604}  |a SNK  |b SNK  |y VYP  |7 0  |p 17A0229292  |o snkIC 47800 D1  |0 0  |1 1  |4 0  |d 2000-03-06  |l 0  |r 2005-01-01 00:00:00  |w 2026-02-24